00587nam a2200157 a 450000100100000000500170001000800410002704000250006810000350009324501010012826000480022930000210027704900090029895201050030799900170041200002631020200930024502.0110310s1994 dr 000 0 spa d aDO-SdBNPbspacBNPHU1 aPrado Flores, José H.91097110aCómo evangelizar a los bautizados :bformación de evangelizadores /cJosé H. Prado Flores. aSanto Domingo :bEdiciones M. S. C.,c1994. a148 p. ;c22 cm. aBNPD 0010718PDaPDbPDcCTd2011-03-10iLF1l0o p26310-10r2020-06-25w2020-06-25yLFPDZNo se presta c25802d25802